Eurythmics Singles by Album - Statistics

General Stats
  • This quiz has been taken 8 times
  • The average score is 11 of 29
Answer Stats
Album Single % Correct
Sweet Dreams (Are Made Of This...) Sweet Dreams (Are Made Of This)
100%
Be Yourself Tonight There Must Be An Angel (Playing With My Heart)
83%
Touch Here Comes The Rain Again
67%
Sweet Dreams (Are Made Of This...) Love Is A Stranger
67%
Sweet Dreams (Are Made Of This...) Love Is A Stranger (reissue)
67%
Revenge Missionary Man
67%
Revenge Thorn In My Side
67%
Touch Who's That Girl?
50%
Peace 17 Again
33%
We Too Are One Angel
33%
Savage Beethoven (I Love To Listen To)
33%
Savage I Need A Man
33%
Touch Right By Your Side
33%
Be Yourself Tonight Sisters Are Doin' It For Themselves
33%
We Too Are One The King And Queen Of America
33%
Revenge When Tomorrow Comes
33%
Be Yourself Tonight Would I Lie To You?
33%
Savage You Have Placed A Chill In My Heart
33%
In The Garden Belinda
17%
We Too Are One Don't Ask Me Why
17%
Peace I Saved The World Today
17%
Be Yourself Tonight It's Alright (Baby's Coming Back)
17%
We Too Are One (My My) Baby's Gonna Cry
17%
In The Garden Never Gonna Cry Again
17%
We Too Are One Revival
17%
Savage Shame
17%
Revenge The Miracle Of Love
17%
Sweet Dreams (Are Made Of This...) The Walk
17%
Sweet Dreams (Are Made Of This...) This Is The House
17%
No matching quizzes found
Score Distribution
Percent of People with Each Score
Percentile by Number Answered
Your Score History
You have not taken this quiz